| 000 | 00000nam##2200000za#4500 |
| 001 | 9.691446 |
| 003 | CaOODSP |
| 005 | 20260106135351 |
| 007 | cr ||||||||||| |
| 008 | 150407|2008||||xxc|||||o f|0| 0 eng|d |
| 020 | |a978-1-100-10730-1 |
| 040 | |aCaOODSP|beng |
| 043 | |an-cn--- |
| 086 | 1 |aM154-16/2008E-PDF |
| 110 | 2 |aCANMET Energy Technology Centre (Canada) |
| 245 | 10|aCCSTRM – Canada's CO2 Capture & Storage Technology Roadmap |h[electronic resource] |
| 246 | 1 |aCanada's Carbon Dioxide Capture and Storage Technology Roadmap |
| 260 | |aOttawa - Ontario : |bNatural Resources Canada. |c[2008]. |
| 300 | |a89p.|bfigs., glossary, graphs, maps, references, tables, photographs |
| 590 | |a14-03-Supp|b2014-01-17 |
| 775 | 08|tFRTCSC – Feuille de route technologique sur la capture et le stockage du dioxyse de carbone du Canada |w(CaOODSP)9.635776 |
| 856 | 40|ahttp://publications.gc.ca|qPDF|s12.63 MB|uhttps://publications.gc.ca/collections/collection_2014/rncan-nrcan/M154-16-2008-eng.pdf |